header

The soldier and the state in South America (Record no. 179201)

MARC details
000 -LEADER
fixed length control field 01306nam a22003134a 4500
082 04 - DEWEY DECIMAL CLASSIFICATION NUMBER
Classification number 322/.5/098
245 04 - TITLE STATEMENT
Title The soldier and the state in South America
260 ## - PUBLICATION, DISTRIBUTION, ETC. (IMPRINT)
Place of publication Houndmills, Basingstoke [Eng.] ;
-- New York :
Name of publisher PALGRAVE,
Year of publication 2001.
300 ## - PHYSICAL DESCRIPTION
Number of Pages x, 212 p.
490 1# - SERIES STATEMENT
Series statement Latin American studies series
650 #0 - SUBJECT ADDED ENTRY--TOPICAL TERM
Topical Term Civil-military relations
700 1# - ADDED ENTRY--PERSONAL NAME
Personal name Silva, Patricio.
856 40 - ELECTRONIC LOCATION AND ACCESS
Uniform Resource Identifier http://site.ebrary.com/lib/rucke/Doc?id=10044072

No items available.

© 2026 Rongo University
Contact us: librarian | system librarian | Rongo university